Statistics for Characters Played by Different Actors # 2

Click here to take the quiz!

General Stats

  • This quiz has been taken 397 times
    (396 since last reset)
  • The average score is 8 of 20

Answer Stats

Actors Character % Correct
Edward Norton; Mark RuffaloThe Hulk
79%
Patrick Stewart; James MacAvoyCharles Xavier
75%
Kevin Costner; Russell CroweRobin Hood
61%
Jake Lloyd; Hayden ChristensenAnakin Skywalker
57%
Richard Harris; Michael GambonAlbus Dumbledore
57%
Laurence Olivier; Kenneth BranaghHamlet
56%
Boris Karloff; Bela LugosiFrankenstein's Monster
51%
James Doohan; Simon PeggMontgomery Scott
45%
Philip Seymour Hoffman;
Toby Jones
Truman Capote
39%
Charlton Heston; Christian BaleMoses
36%
Casey Kasem; Matthew LillardShaggy
35%
Donald Sutherland; Alan Alda"Hawkeye" Pierce
34%
Tom Wopat; Johnny KnoxvilleLuke Duke
30%
Don Adams; Steve CarrellMaxwell Smart
26%
Mary-Kate Olsen; Ashley OlsenMichelle Tanner
25%
Anthony Hopkins; Frank LangellaRichard Nixon
25%
Bryce Dallas Howard;
Emma Stone
Gwen Stacy
23%
Graham Chapman; Clive OwenKing Arthur
19%
Marlon Brando; Russell CroweJor-El
17%
Frank Welker; Hugo WeavingMegatron
7%

Score Distribution

Percentile by Number Answered

Percent of People with Each Score

Your Score History

You have not taken this quiz since the last reset